|
|
|
|
| LEADER |
00000cam a2200000 a 4500 |
| 001 |
vtls001093349 |
| 003 |
SK-MaSNL |
| 005 |
20260301104609.0 |
| 008 |
240226s1984 xo grn 000 0bslo |
| 015 |
|
|
|a SNBA1985/01
|
| 020 |
|
|
|q (viazané)
|
| 035 |
|
|
|a SNK000036191
|
| 035 |
|
|
|a 33247D48-A0A9-44C1-AB1C-29422BF94C96
|
| 035 |
|
|
|a urn:nbn:sk:snk-am00iewk
|
| 040 |
|
|
|a SNK
|b slo
|c SNK
|e AACR2
|
| 041 |
1 |
|
|a slo
|h pol
|
| 044 |
|
|
|a xo
|c SK
|
| 072 |
|
7 |
|a 929
|x Biografie
|2 konspekt
|
| 080 |
|
|
|a 616-053.2:929
|2 1981
|
| 080 |
|
|
|a 929 Korczak, Janusz
|2 1981
|
| 080 |
|
|
|a 821.162.1-055.1
|2 2011
|
| 080 |
|
|
|a 37.011.3-051
|2 2011
|
| 080 |
|
|
|a 616-051
|2 2011
|
| 080 |
|
|
|a 929(092)
|2 2011
|
| 100 |
1 |
|
|a Szlązakowa, Alicja,
|d 1911-2005
|4 aut
|9 443589
|
| 240 |
1 |
0 |
|a Janusz Korczak
|l Slovensky
|
| 245 |
1 |
0 |
|a Janusz Korczak
|c Alicja Szlązakowa ; [z poľského originálu Janusz Korczak ... preložila Soňa Šoková]
|
| 250 |
|
|
|a 1. wyd.
|
| 260 |
|
|
|a Bratislava
|b Slovenské pedagogické nakladateľstvo
|c 1984
|e Banská Bystrica
|f Tlačiarne SNP
|
| 300 |
|
|
|a 89 strán
|c 21 cm
|
| 366 |
|
|
|e 330 výtl.
|
| 490 |
1 |
|
|a Pedagogické a psychologické diela
|
| 500 |
|
|
|a Obsahuje poznámky
|
| 504 |
|
|
|a Dielo Janusza Korczaka na strane 80-81
|
| 600 |
1 |
7 |
|a Korczak, Janusz,
|d 1878-1942
|2 SNKMA
|9 241793
|
| 650 |
0 |
7 |
|a poľskí spisovatelia
|2 SNKPH
|9 83701
|
| 650 |
0 |
7 |
|a pedagógovia
|2 SNKPH
|9 18561
|
| 650 |
0 |
7 |
|a lekári
|2 SNKPH
|9 3195
|
| 655 |
|
7 |
|a biografie
|2 SNKPH
|9 27965
|
| 700 |
1 |
|
|a Šoková, Soňa
|4 trl
|9 443590
|
| 830 |
|
0 |
|a Pedagogické a psychologické diela
|9 368857
|
| 852 |
|
|
|a Slovenská národná knižnica
|
| 954 |
|
|
|a odborná, vedecká literatúra cudzojazyčná (svetová)
|2 lita
|
| 958 |
|
|
|a OND
|
| 958 |
|
|
|a NB
|
| 958 |
|
|
|a TL
|
| 958 |
|
|
|a OP
|
| 958 |
|
|
|a BC
|
| 958 |
|
|
|a EUIPO
|
| 968 |
|
|
|b POL
|
| 999 |
|
|
|c 698554
|d 700484
|
| 952 |
|
|
|a SNK
|b SNK
|y PREZ
|7 0
|p 17A0894199
|o snkSC 58155
|i snkKSP 10664/84
|0 0
|1 0
|4 0
|d 2012-08-15
|f 1
|l 0
|r 2025-07-04 00:00:00
|w 2026-02-23
|
| 952 |
|
|
|a SNK
|b SNK
|y VYP
|7 0
|p 17A0565082
|o snkSC 58155 D1
|i snkKSP 10665/84
|0 0
|1 0
|4 0
|d 2007-10-08
|l 0
|r 2026-02-23 20:49:17
|w 2026-02-23
|